• 首页
  • 本馆介绍
  • 公告通知
  • 最新文献
  • 馆藏检索
  • 电子资源
  • 读者导购
  • 参考咨询
  • 我的图书馆
  • 登录
  • 详细信息显示
  • 放入我的书架
  • 预约/预借图书
  • 作者相关作品
  • 分类相关作品
  • 丛书相关作品
  • 出版社相关作品

书目信息

  • 表格格式
  • 工作单格式
  • 卡片格式
题名:
操作风险管理“中国化”探索
    
 
作者: 阎庆民 著
分册:  
出版信息: 北京   中国经济出版社  2012
页数: 253页
开本: 25cm
丛书名: 中国金融四十人论坛书系
单 册:
中图分类: F832.33
科图分类:
主题词: 商业银行--风险管理--研究--中国 , 商业银行 , 风险管理
电子资源:
ISBN: 978-7-5136-1465-8
000 01346nam0 22003011 450
001 012015000251
005 20150914151249.12
010    @a978-7-5136-1465-8@dCNY65.00
100    @a20120716d2012 em y0chiy50 ea
101 0  @achi
102    @aCN@b110000
105    @ay z 000yy
106    @ar
200 1  @a操作风险管理“中国化”探索@Acao zuo feng xian guan li “ zhong guo hua ” tan suo@e中国商业银行操作风险研究@dDiscussing "Chinalization" of operational risk management@eresearch on operational risk in China's commercail banks@f阎庆民著@zeng
210    @a北京@c中国经济出版社@d2012
215    @a253页@d25cm
225 1  @a中国金融四十人论坛书系@f管涛等主编
330    @a本书力图在全面梳理操作风险研究与管理发展脉络的基础上,将当前最新的国际监管和实践经验与中国实际相结合,探索出一套具有中国特色的操作风险管理方法,提出一些可供中国银行业借鉴的操作风险管理理念、思路和做法。
461  0 @12001 @a中国金融四十人论坛书系
510 0  @aDiscussing "Chinalization" of operational risk management@eresearch on operational risk in China's commercail banks@zeng
517 1  @a中国商业银行操作风险研究
606 0  @a商业银行@x风险管理@x研究@y中国
606 0  @a商业银行
606 0  @a风险管理
690    @aF832.33@v5
701  0 @a阎庆民@Ayan qing min@f(1961~)@4著
801  0 @aCN@b碧洲教育@c20150716
905    @a10447@f4@dF832.33@e134
    
    操作风险管理“中国化”探索:中国商业银行操作风险研究=Discussing "Chinalization" of operational risk management:research on operational risk in China's commercail banks/阎庆民著.-北京:中国经济出版社,2012
    253页;25cm.-(中国金融四十人论坛书系/管涛等主编)
    ←并列题名:Discussing "Chinalization" of operational risk management:research on operational risk in China's commercail banks
    
    ISBN 978-7-5136-1465-8:CNY65.00
    本书力图在全面梳理操作风险研究与管理发展脉络的基础上,将当前最新的国际监管和实践经验与中国实际相结合,探索出一套具有中国特色的操作风险管理方法,提出一些可供中国银行业借鉴的操作风险管理理念、思路和做法。
●
相关链接 在E读中查询图书 在五车中查询图书 在当当中查询图书 在豆瓣中查询图书


正题名:操作风险管理"中国化"探索     索取号:F832.33/134         预约/预借

序号 登录号 条形码 馆藏地/架位号 状态 备注
1 0870081   208700814   第一样本阅览室/ [索取号:F832.33/134] 在馆    
2 0870082   208700823   第一借阅区/ [索取号:F832.33/134] 在馆    
3 0870083   208700832   第一借阅区/ [索取号:F832.33/134] 在馆    
4 0870084   208700841   第一借阅区/ [索取号:F832.33/134] 在馆    
唐山师范学院图书馆 欢迎您!
大连网信软件有限公司© 版权所有